00898cam a2200253 a 450000100090000000300040000900500170001300800410003001000170007102000150008804000180010305000270012108200160014810000200016424500490018425000120023326000530024530000330029850000200033165000360035185600950038785600870048285600750056913131860OSt20150408113721.0030321s2003 caua 001 0 eng  a 2003267073 a0072226447 aDLCcDLCdDLC00aQA76.76.H94bW587 200300a005.7/22211 aWillard, Wendy.10aHTML :ba beginner's guide /cWendy Willard. a2nd ed. aBerkeley, Calif. :bOsborne/McGraw-Hill,cc2003. axx, 522 p. :bill. ;c24 cm. aIncludes index. 0aHTML (Document markup language)423Contributor biographical informationuhttp://www.loc.gov/catdir/bios/mh042/2003267073.html423Publisher descriptionuhttp://www.loc.gov/catdir/description/mh031/2003267073.html413Table of contentsuhttp://www.loc.gov/catdir/toc/mh031/2003267073.html